000
00313nam a22001457a 4500
020
_a
81-240-0681-4
082
_a
894.812.3
_b
KAK/K
100
_a
KAKKANADAN, THAMPI
245
_a
KLAPATHINTE ORMMA
260
_a
KOTTAYAM
_b
CURRENT BOOKS
_c
1999
300
_a
66
520
_a
NOVEL
650
_a
NOVEL
942
_c
BK
999
_c
4908
_d
4908